000 004230000a22001810004500
003 MACL
005 20150912140929.0
008 150912b xxu||||| |||| 00| 0 eng d
040 _aMACL
_cMACL
041 _aEnglish
082 _a823/AGA
100 _aAgarwal, Deepa
_99573
245 _aCaravan To Tibet
260 _bPuffin Books
_c2007
_aNew Delhi
350 _a175
650 _aFiction
_910374
942 _cBK
_k823
_2ddc
999 _c8171
_d8171